Les Guitares Célèbres - Statistiques

Statistiques générales
  • Ce quiz a été pris 396 fois
  • Le résultat moyen est 6 sur 20
Statistiques - réponses
Par images Réponse % Correct
Fender Stratocaster
92%
Gibson Les Paul
89%
Fender Telecaster
87%
Gibson SG
63%
Gibson Flying V
54%
Gibson ES
38%
Gibson Explorer
37%
EVH Striped Series
33%
Gretsch White Falcon
32%
Gibson Firebird
23%
BC Rich Warlock
18%
Rickenbacker 360/12
18%
Fender Jag-Stang
17%
Ibanez Iceman
10%
Paul Reed Smith SE Custom
7%
Jackson Soloist
4%
Suhr MKL
4%
Fender Swinger
1%
Jackson Pro SL2
1%
National Reso-Phonic Raw Steel
1%
Aucun quiz correspondant
Distribution des résultats
% des personnes avec chaque résultat
Percentile par nombre de réponses
Votre historique - résultats
Vous n’avez pas pris ce quiz